000 00587nam a22001817a 4500
003 UA-OsUOA
001 14196
007 ta
008 20030723b un ||||| |||| 00| 0 ukr d
100 _aКуліш З.
942 _cSA
040 _aUA-OsUOA
_cUA-OsUOA
_dUA-OsUOA
245 _aГлибина душевної тривоги
_b[Рецензія на кн. Н.Левчун "Світальна ніч"]
300 _aС.2
955 _a0
773 0 _w0
_tСарненські новини
_dСарни
_d2003
_g№54/3 черв./
650 7 _aКраєзнавча робота
_2UDC
999 _c300357
_d300357